000 00533nam a2200193 a 4500
001 1758808970133
003 YourLibrary
005 20250927150735.0
008 250925s2000##################000#0#eng##
020 _a9780306463631
082 0 4 _a155.8496073
_bGRI
100 1 _aGriffin, Sandra Taylor,
_eauthor.
245 1 0 _aSuccessful African American Men :
260 _bSpringer Science & Business Media,
_c2000.
300 _a137 pages
650 0 _aPsychology.
942 _cENGLISH
040 _aYourLibrary
_beng
_cYourLibrary
999 _c589861
_d589861